000 00273nam a22001217a 4500
008 210707s1996 xx 000 0 und d
041 _aeng
082 _a052 AJC
100 _aAgarwal, R K
245 _aAsian Journal of Chemistry
260 _c1996
650 _aChemistry
999 _c179499
_d179499